Ako predať drahšie služby?

Nevýhody služieb a výzvy pre marketing pri vnímaní rozdielov medzi konkurenčnými ponukami služieb. Možnosti a rozdiely medzi jednotlivými firmami a hodnota priradená zákazníkom.

Guardado en:
Detalles Bibliográficos
Autor principal: Mišík, Martin
Formato: Capítulo de libro
Lenguaje:eslovaco
Materias:
Etiquetas: Agregar Etiqueta
Sin Etiquetas, Sea el primero en etiquetar este registro!

MARC

LEADER 00000naa a2200000 4500
001 0191921
005 20230912114209.7
041 0 |a slo 
044 |a SK 
245 1 0 |a Ako predať drahšie služby?  |c Martin Mišík 
520 |a Nevýhody služieb a výzvy pre marketing pri vnímaní rozdielov medzi konkurenčnými ponukami služieb. Možnosti a rozdiely medzi jednotlivými firmami a hodnota priradená zákazníkom. 
610 2 0 |a služby 
610 2 0 |a inovácia 
610 2 0 |a marketing služieb 
610 2 0 |a kvalita služieb 
610 2 0 |a konkurencia 
610 2 0 |a hodnota 
610 2 0 |a spokojnosť zákazníkov 
610 2 0 |a sektor terciárny 
100 1 |a Mišík, Martin